| 000 | 00944nam a2200205 i 4500 | ||
|---|---|---|---|
| 001 | 162041 | ||
| 003 | ES-MaACL | ||
| 005 | 20251004063212.0 | ||
| 008 | 960201s1886 sp |||| | spa d | ||
| 100 | 1 |
_aPí y Molist, Emilio, _d1824-1892 _9131117 |
|
| 245 | 1 | 0 |
_aPrimores del Don Quijote en el concepto médico-psicológico y consideraciones generales sobre la locura para un nuevo comentario de la inmortal novela / _cpor el Dr. Emilio Pi y Molist. |
| 260 |
_aBarcelona : _b[s.n.], _c1886 ( _fImp. Barcelonesa) |
||
| 300 |
_a465 p. ; _c19 cm. |
||
| 530 | _aDisponible en formato digital. | ||
| 600 | 1 | 4 |
_aCervantes Saavedra, Miguel de, _d1547-1616. _tDon Quijote de la Mancha _937612 |
| 650 |
_aEnfermedades mentales- _xEn la literatura. _912267 |
||
| 852 |
_aES-MaACL _jF-11888 _z- Enc. pasta española |
||
| 856 |
_uhttp://bdh-rd.bne.es/viewer.vm?id=0000189346&page=1 _zBiblioteca Digital Hispánica |
||
| 999 |
_c162041 _d162041 |
||